Entre la salud y las patentes La disputa por la propiedad intelectual y el acceso a los medicamentos en Amřica Latina /

Detalles Bibliográficos
Autor principal: Dreyfuss, Rochelle C.
Otros Autores: Rodrg̕uez Garavito, Cšar
Formato: eBook
Lenguaje:español
Publicado: Bogot:̀ Universidad de Los Andes (Colombia), 2015
Materias:
Acceso en línea:Acceso restringido

MARC

LEADER 00000nam a22000007a 4500
005 20211006113611.0
007 cr|||| |||
008 211006s2015 co |||||s|||| 00||0 spa d
020 |a 978-958-774-230-5 
035 |a 35210 
040 |a vLex 
090 |c 12501  |d 12501 
100 1 |a Dreyfuss, Rochelle C. 
245 1 0 |a Entre la salud y las patentes  |h [Recurso electrn̤ico] :  |b La disputa por la propiedad intelectual y el acceso a los medicamentos en Amřica Latina /  |c Rochelle C. Dreyfuss, Cšar Rodrg̕uez Garavito 
256 |a Servicio en ln̕ea 
260 |a Bogot:̀  |b Universidad de Los Andes (Colombia),  |c 2015 
300 |a 1 recurso electrn̤ico 
506 1 |a Disponible solo en los productos indicados  |d vLex Global  |d vLex Global (Academic Edition, excluding Law Schools)  |d vLex Global (U.S. Academic Edition, Law Schools)  |d vLex Global (U.S. Academic Edition, excluding Law Schools)  |d vLex Global (Academic Edition, Law Schools) 
650 0 4 |a Propiedad Intelectual  |z Colombia 
700 1 |a Rodrg̕uez Garavito, Cšar 
740 0 |a vLex Libros (Servicio en ln̕ea) 
856 4 0 |u https://app.vlex.com/#/sources/35210  |z Acceso restringido 
942 |c BOOK 
999 0 |a Intellectual property